000 00977nam a2200301 a 4500
001 6301
003 BD-RjUL
005 20211208234224.0
008 140109s1997 ii 001 0deng
020 _a8125902856
035 _a(BD-RjUL)6341
040 _aDLC
_cDLC
_beng
_dBD-RjUL
041 _aeng
082 0 0 _a954.0350924
_bSAB 1997
100 1 _aSaha, B. P.,
_919828
245 1 0 _aBegams, concubines, and memsahibs /
_cB.P. Saha.
260 _aNew Delhi :
_bVikas Pub. House,
_c1997.
300 _axii, 148 p. ;
_c23 cm.
504 _aIncludes index.
520 _aOn the influence, chiefly of few Indian women on politics, administration, and social regeneration.
650 0 _aPrincesses
_zIndia
_xBiography.
_919829
651 0 _aIndia
_xQueens
_xBiography.
_919830
651 0 _aMogul Empire
_xHistory.
_919831
651 0 _aIndia
_xHistory
_yBritish occupation, 1765-1947.
_92364
942 _2ddc
_cBK
999 _c6301
_d6301